000 00786nam a2200253Ia 4500
003 OSt
005 20221006153733.0
006 a|||||r|||| 00| 0
007 ta
008 221006b |||||||| |||| 00| 0 eng d
020 _a1568362862
024 _a33,193
037 _bGift, Toshiba International Foundation
_cAnnuals, Advances
040 _aEASL
_cEASL
_beng
041 _2eng
_aeng
082 _aY16.42, N9
100 _aWESTON Mark Au.
_9665204
245 0 _aGiants of Japan
_bThe lives of Japan's greatest Men and Women
260 _aNewYork
_bKodansha International
_c2002
300 _aix,377p.
_ccm.
490 _v JEL
942 _hY16.42, N9
_cREF
_2CC
999 _c1101279
_d1101279